Stades de National (2024-2025) - Statistiques

Statistiques générales
  • Ce quiz a été pris 52 fois
    40 depuis la dernière actualisation
  • Le résultat moyen est 9 sur 17
Statistiques - réponses
Commune Stade Capacité % Correct
Valenciennes Stade du Hainaut 25 172
76%
Dijon FCO Stade Gaston-Gérard 18 376
76%
AS Nancy-Lorraine Stade Marcel-Picot 20 087
76%
FC Sochaux Stade Auguste Bonal 20 005
71%
Le Mans FC Stade Marie-Marvingt 25 064
71%
FC Versailles Stade Jean-Bouin 20 000
67%
US Orléans Stade de la Source 7 533
62%
LB Châteauroux Stade Gaston-Petit 17 072
48%
Paris 13 Atlético Stade Pelé 1 000
48%
US Boulogne Stade de la Libération 9 534
43%
Nîmes Olympique Stade des Antonins 8 033
43%
FC Rouen Stade Robert-Diochon 8 372
43%
QRM Stade Robert-Diochon 8 372
43%
US Concarneau Stade Guy-Piriou 3 575
38%
FC Villefranche-Beaujolais Stade Armand-Chouffet 3 500
33%
Bourg-en-Bresse Stade Marcel-Verchère 1 000
24%
Aubagne Stade de Lattre-de-Tassigny 8 840
14%
Aucun quiz correspondant
Distribution des résultats
% des personnes avec chaque résultat
Percentile par nombre de réponses
Votre historique - résultats
Vous n’avez pas pris ce quiz depuis la dernière actualisation